000 01071nam a2200373 a 4500
001 00320160
003 OSt
005 20140310181804.0
008 920330s1990 ne ab b 00100 eng
020 _a0705409864
035 _aCUW000237186
049 _aul
050 _aD 358
_b.T583 1990
082 0 0 _aREF 909.81
_bC71 1990
090 _aD358.C57
245 0 4 _aThe Colonial overlords :
_bAD 1850-1900 /
_cby the editors of Time-Life Books.
260 0 _aAmsterdam :
_bTime-Life Books,
_c1990.
300 _a176 p. :
_bill. (some col.), col. maps ;
_c28 cm.
440 0 _aTime-Life history of the world.
500 _aIncludes Biblioraphy & Index
504 _aBibliography: p. 170-171.
520 _a1. History of the world AD1850-1900
521 _aBasic Ed. Students
541 _j1
541 _j2
541 _j3
562 _e3
650 0 _aHistory, Modern
_y19th century.
710 2 _aTime-Life Books.
910 _aCKC:GS:920330
942 _2lcc
_cBK-GR
_kREF
949 _aul
_b000320160
_tmono
999 _c3747
_d3747